[Event "DVM U10 2016"]
[Site "Magdeburg GER"]
[Date "2016.12.27"]
[Round "1"]
[White "Rogalski, Niclas"]
[Black "Liang, Jiaxuan"]
[Result "0-1"]
[Termination "normal"]
[Board "29.3"]
[WhiteElo "600"]
[BlackElo "984"]
[WhiteTeam "SK Blauer Springer Paderborn"]
[BlackTeam "SG Königskinder Hohentübingen"]
[PlyCount "84"]
[WhiteFideId "34640320"]
[BlackFideId "34675205"]
[EventCountry "GER"]
[EventRounds "7"]
[EventType "team-swiss"]
[EventDate "2016.12.27"]

1. e4 c5 2. Nc3 a6 3. Nf3 Nf6 4. Bc4 e6 5. O-O h6 6. Re1 Be7 7. b3 Nc6 8. Bb2
O-O 9. h3 b6 10. Rb1 d6 11. d3 b5 12. Bxb5 axb5 13. Nxb5 Rxa2 14. c4 Qd7 15.
Qd2 Bd8 16. Qc1 Nb4 17. Qd1 e5 18. Ba3 Nh5 19. Bxb4 cxb4 20. d4 exd4 21. Qxd4
Bf6 22. Qe3 Ba6 23. Nd2 Bg5 24. Qe2 Bxd2 25. Red1 Nf4 26. Qf3 Bxb5 27. cxb5
Qxb5 28. Ra1 Rxa1 29. Rxa1 Qe2 30. Qxe2 Nxe2+ 31. Kf1 Nd4 32. Rd1 Nxb3 33. Rb1
Nc1 34. Rb2 Bc3 35. Rc2 Rc8 36. Rxc1 b3 37. Rb1 b2 38. f3 g5 39. g3 Kg7 40. h4
gxh4 41. gxh4 Bf6 42. h5 Rc1+ 0-1

[Event "DVM U10 2016"]
[Site "Magdeburg GER"]
[Date "2016.12.27"]
[Round "1"]
[White "Leyrer, Justus"]
[Black "Möller, Simon"]
[Result "1-0"]
[Termination "normal"]
[Board "29.4"]
[WhiteElo "855"]
[BlackElo "600"]
[WhiteTeam "SG Königskinder Hohentübingen"]
[BlackTeam "SK Blauer Springer Paderborn"]
[PlyCount "31"]
[EventCountry "GER"]
[EventRounds "7"]
[EventType "team-swiss"]
[EventDate "2016.12.27"]

1. e4 e5 2. Nf3 Nf6 3. Nc3 Nc6 4. Bb5 Bb4 5. d3 a6 6. Ba4 d5 7. Nd2 dxe4 8.
Ncxe4 Nxe4 9. O-O O-O 10. Nxe4 b5 11. Bb3 Qd7 12. c3 Bc5 13. Nxc5 Qe7 14. Be3
Rd8 15. Qc2 Qf6 16. Bg5 {nicht weiter nachvollziehbar} 1-0

[Event "DVM U10 2016"]
[Site "Magdeburg GER"]
[Date "2016.12.27"]
[Round "1"]
[White "Sommer, Justus"]
[Black "Gossing, Marie-Sophie"]
[Result "1-0"]
[Termination "normal"]
[Board "30.1"]
[WhiteElo "862"]
[BlackElo "985"]
[WhiteTeam "Lübecker SV 2"]
[BlackTeam "Lübecker SV 1"]
[PlyCount "69"]
[WhiteFideId "16245008"]
[BlackFideId "16217284"]
[EventCountry "GER"]
[EventRounds "7"]
[EventType "team-swiss"]
[EventDate "2016.12.27"]

1. d4 d5 2. c4 Bf5 3. Nc3 dxc4 4. e4 Bg6 5. Bxc4 Nc6 6. Nf3 Nf6 7. Bd3 e6 8.
Be3 Bb4 9. Qc2 O-O 10. O-O-O Qe7 11. Bg5 Qd7 12. Bxf6 gxf6 13. Rhe1 Kh8 14. a3
Ba5 15. Rh1 Rad8 16. d5 exd5 17. exd5 Bxd3 18. Rxd3 Qg4 19. dxc6 bxc6 20. g3
Bxc3 21. Qxc3 Qf5 22. Rhd1 Rde8 23. Qxc6 Re6 24. Qxc7 Rc6+ 25. Qxc6 Rc8 26.
Qxc8+ Qxc8+ 27. Rc3 Qa6 28. Rd2 Qf1+ 29. Kc2 Qh3 30. b4 Qf5+ 31. Kb2 Kg7 32.
Rb3 a6 33. a4 Qe6 34. b5 Qc4 35. b6 1-0

[Event "DVM U10 2016"]
[Site "Magdeburg GER"]
[Date "2016.12.27"]
[Round "1"]
[White "Poetzsch-Heffter, Frieder"]
[Black "Schmitz, Niklas"]
[Result "1-0"]
[Termination "normal"]
[Board "30.2"]
[WhiteElo "785"]
[BlackElo "775"]
[WhiteTeam "Lübecker SV 1"]
[BlackTeam "Lübecker SV 2"]
[PlyCount "53"]
[WhiteFideId "34608842"]
[EventCountry "GER"]
[EventRounds "7"]
[EventType "team-swiss"]
[EventDate "2016.12.27"]

1. e4 e5 2. Nf3 Nc6 3. Bc4 Bc5 4. d3 d6 5. Ng5 f6 6. Nf7 Qd7 7. Nxh8 Qe7 8. Nc3
Nh6 9. Nd5 Bg4 10. f3 Qf8 11. Nxc7+ Kd8 12. Nxa8 Bc8 13. Bxh6 Qxh8 14. Bd2 Na5
15. Bxa5+ b6 16. Bc3 f5 17. exf5 Qf8 18. Qd2 Qxf5 19. O-O-O Qh5 20. g4 h6 21.
gxh5 Bb7 22. Rhg1 Bxg1 23. Rxg1 Bxf3 24. Rxg7 Bxa8 25. Qxh6 Bc6 26. Qh8+ Be8
27. Bb5 1-0

[Event "DVM U10 2016"]
[Site "Magdeburg GER"]
[Date "2016.12.27"]
[Round "1"]
[White "Gossing, Maxi-Sophia"]
[Black "Hellenbroich, Helene"]
[Result "1-0"]
[Termination "normal"]
[Board "30.3"]
[WhiteElo "790"]
[BlackElo "782"]
[WhiteTeam "Lübecker SV 2"]
[BlackTeam "Lübecker SV 1"]
[PlyCount "81"]
[BlackFideId "16270754"]
[EventCountry "GER"]
[EventRounds "7"]
[EventType "team-swiss"]
[EventDate "2016.12.27"]

1. e4 e5 2. Nf3 Nc6 3. Bc4 Bb4 4. Nc3 Nf6 5. d3 d6 6. Bg5 Bg4 7. O-O Bxc3 8.
bxc3 h6 9. Bh4 O-O 10. h3 Bh5 11. Rb1 Rb8 12. d4 exd4 13. Qd3 Qe7 14. Nxd4 Qe5
15. Nxc6 bxc6 16. Bg3 Qc5 17. Rxb8 Rxb8 18. Bh4 Nd5 19. exd5 cxd5 20. Bxd5 c6
21. Bf3 Bg6 22. Qd2 Qe5 23. Re1 Qc5 24. Be7 Qa3 25. Bxd6 Rb2 26. Bxa3 Rxa2 27.
Bd6 Rxc2 28. Qe3 f6 29. Bxc6 Kh7 30. Be4 Bxe4 31. Qxe4+ Kg8 32. Qxc2 a5 33.
Re8+ Kf7 34. Qa4 Kg6 35. Qxa5 f5 36. f3 h5 37. g4 hxg4 38. fxg4 fxg4 39. hxg4
Kh7 40. Qf5+ Kh6 41. Qh5# 1-0

[Event "DVM U10 2016"]
[Site "Magdeburg GER"]
[Date "2016.12.27"]
[Round "1"]
[White "Widderich, Jan Ole"]
[Black "Hellenbroich, Hanno"]
[Result "1-0"]
[Termination "normal"]
[Board "30.4"]
[WhiteElo "600"]
[BlackElo "600"]
[WhiteTeam "Lübecker SV 1"]
[BlackTeam "Lübecker SV 2"]
[PlyCount "69"]
[BlackFideId "16270762"]
[EventCountry "GER"]
[EventRounds "7"]
[EventType "team-swiss"]
[EventDate "2016.12.27"]

1. e4 e5 2. Nf3 Nc6 3. Bc4 Nf6 4. Nc3 Bb4 5. d3 d6 6. a3 Bxc3+ 7. bxc3 Bg4 8.
h3 Bc8 9. O-O O-O 10. d4 exd4 11. Nxd4 Nxd4 12. Qxd4 Bd7 13. Bg5 Re8 14. Rfe1
Ba4 15. e5 dxe5 16. Rxe5 Qxd4 17. cxd4 Rxe5 18. dxe5 Bxc2 19. exf6 gxf6 20.
Bxf6 a6 21. Rc1 Bf5 22. Rc3 b5 23. Rg3+ Kf8 24. Bd5 Rd8 25. Bb3 Re8 26. Rg7
Re1+ 27. Kh2 h5 28. Rxf7+ Ke8 29. a4 bxa4 30. Bc4 a3 31. Rxc7 Re2 32. Bxe2 a5
33. Bxh5+ Kf8 34. g4 Be4 35. Rc8# 1-0